Normal view MARC view

Entry Topical Term

Number of records used in: 1

001 - CONTROL NUMBER

  • control field: 64702

003 - CONTROL NUMBER IDENTIFIER

  • control field: dpl

005 - DATE AND TIME OF LATEST TRANSACTION

  • control field: 20240415115642.0

008 - FIXED-LENGTH DATA ELEMENTS

  • fixed length control field: 240415|| aca||aabn | a|a d

040 ## - CATALOGING SOURCE

  • Original cataloging agency: dpl
  • Transcribing agency: dpl

150 ## - HEADING--TOPICAL TERM

  • Topical term or geographic name as entry element: हिन्दी उपन्यास

670 ## - SOURCE DATA FOUND

  • Source citation: Work cat.: (dpl)202155: त्रिपाठी, सूर्यकान्त 64701, प्रभावती/, 2022

© Delhi Public Library
Hit Counter
free hit counter